Представление документа в формате MARC21

Поле Инд. ПП Название Значение
Тип записи a
Библиографический уровень m
001 Контрольный номер RU/IS/BASE/129216910
005 Дата корректировки 20240108163603.6
040 b Код языка каталог. rus
041 0_ a Код языка текста rus
080 00 a Индекс УДК 004.42
084 a Индекс другой классификации/Индекс ББК 32.973.202
090 00 a Полочн. индекс 681.3
x Авторский знак Э45
097 b Оператор 11
245 00 a Заглавие Электронная почта в системе MS-DOS
260 00 a Место издания Санкт-Петербург
c Дата издания 1995
b Издательство [б. и.]
300 00 a Объем 256 с.
510 0_ a Примечание о ссылках Книги и методические пособия
650 04 a Основная рубрика 50.41 Программное обеспечение вычислительных машин, комплексов и сетей
x Основная подрубрика 50.41.25 Прикладное программное обеспечение
653 00 a Ключевые слова электронная почта; интернет; вычислительные средства; MS-DOS
901 t Тип документа m